00693nam a22002177a 450000500170000001000150001702000230003203500130005503700130006808200080008110000300008924500570011926000410017627000510021730000250026870000100029370000100030394200220031399900170033595201230035220100813104517.0 aENG-100178 a812140441xc300.00 aEN-83710 bDBAD/PUB a881 aSridhar Rajeswaran912693 aCraked images frozen frames /bby Sridhar Rajeswaran aNew DelhibNational Pub. Housec2000 a2/35 Ansari Road Darya GanjbNew Delhie110002 a[196] p. c21cm (Hb) 912574 912595 2ddccENh881mSRI c41615d41615 001040718NFICaDBADbDBADd2010-08-13g300.00l0o881 SRIpEN-83710r2010-08-13 00:00:00t1v300.00w2010-08-13yEN